Integrované řízení výroby příspěvek k metodologii

Salvato in:
Dettagli Bibliografici
Autore principale: Vodáček, Leo
Natura: Libro
Lingua:ceco
Pubblicazione: Praha Institut řízení 1980
Tags: Aggiungi Tag
Nessun Tag, puoi essere il primo ad aggiungerne!!

MARC

LEADER 00000nam a2200000 4500
001 c110586
005 20150325105454.8
041 0 |a cze 
044 |a CZ 
245 1 0 |a Integrované řízení výroby  |b příspěvek k metodologii  |c Leo Vodáček 
264 1 |a Praha  |b Institut řízení  |c 1980 
300 |a 186 s. 
100 1 |a Vodáček, Leo